Commercial law
| Main Author: | |
|---|---|
| Format: | Book |
| Published: |
London :
Cavendish Publishers Ltd. ,
1994
|
| Series: | The Cavendish Q & A series
|
| Subjects: |
MARC
| LEADER | 00000cam a2200000 7i4500 | ||
|---|---|---|---|
| 001 | 0000009552 | ||
| 002 | 000010408 | ||
| 005 | 20000330.0 | ||
| 020 | |a 1874241295 | ||
| 090 | 0 | 0 | |a 344.1067 |b DOB |
| 100 | 1 | |a Dobson, Paul | |
| 245 | 1 | 0 | |a Commercial law |c Paul Dobson |
| 260 | |a London : |b Cavendish Publishers Ltd. , |c 1994 | ||
| 300 | |a 275p. ; |c 21cm. | ||
| 490 | 0 | |a The Cavendish Q & A series | |
| 650 | 0 | 0 | |a Commercial law |
| 999 | |a 047527 |b BUKU |c PINJAMAN |e PERPUSTAKAAN KOMUNITI PETALING JAYA | ||